Human predicament in the poetry of Robert Frost: A study of his selected poems (Record no. 73281)
[ view plain ]
| 000 -LEADER | |
|---|---|
| fixed length control field | 00391nam a2200145Ia 4500 |
| 008 - FIXED-LENGTH DATA ELEMENTS--GENERAL INFORMATION | |
| fixed length control field | 230917s9999||||xx |||||||||||||| ||und|| |
| 040 ## - CATALOGING SOURCE | |
| -- | 93983 |
| Original cataloging agency | VIVEKANANDA LIBRARY |
| 041 ## - Language | |
| -- | English |
| 082 ## - DDC NUMBER | |
| Classification number | 811.4 F929B:H |
| 100 ## - MAIN ENTRY--PERSONAL NAME | |
| Personal name | Bhardwaj, Subhash Chander |
| 245 #0 - TITLE STATEMENT | |
| Title | Human predicament in the poetry of Robert Frost: A study of his selected poems |
| 260 ## - PUBLICATION, DISTRIBUTION, ETC. (IMPRINT) | |
| Place of publication, distribution, etc | Rohtak |
| 300 ## - PHYSICAL DESCRIPTION | |
| Pages | 51 p. |
| 942 ## - ADDED ENTRY ELEMENTS (KOHA) | |
| Koha item type | Thesis |
| Withdrawn status | Lost status | Damaged status | Not for loan | Location (home branch) | Sublocation or collection (holding branch) | Date acquired | Koha issues (times borrowed) | Koha full call number | Accession No. | Koha date last seen | Koha item type |
|---|---|---|---|---|---|---|---|---|---|---|---|
| VIVEKANANDA LIBRARY | VIVEKANANDA LIBRARY | 30/06/2003 | 811.4 F929B:H | 147531 | 17/09/2023 | Thesis | |||||
| VIVEKANANDA LIBRARY | VIVEKANANDA LIBRARY | 30/06/2003 | 811.4 F929B:H | 147532 | 17/09/2023 | Thesis |
